000 00972nam a2200277 4500
001 1581608
003 ARRUPE
005 20140505140936.0
008 751009s1943 enkabch 000 0 eng c
010 _aa 44000354
035 _a(OCoLC)ocm01687622
040 _aHarvard Univ. Library.
_cFDA
_dFDA
_dZCU
050 1 _aD763.M3
_bB415
082 _a940.53458
100 1 _aHay, Ian.
_910060
245 1 4 _aThe unconquered isle;
_bthe story of Malta, G. C.,
_cby Ian Hay [pseud.]
260 _aLondon,
_bHodder & Stoughton limited
_c[1943]
300 _a208 p.
_bincl. front. (facsim.) plates, ports.
_c19 cm.
500 _aMaps on lining-papers.
500 _aAmerican edition (New York, London, D. Appleton-Century company) with somewhat different arrangeent of text, has title: Malta epic.
500 _a"First printed, 1943."
650 0 _aWorld War, 1939-1945
_zMalta.
_910061
651 0 _aMalta
_xHistory.
_910062
942 _2lcc
_cMONOGRAPH
999 _c120457
_d120457